00946 2200313 4500001002100000005001500021035002000036007000300056008004100059020002200100040002200122082001500144084001700159090002100176100002800197245008900225250002600314300003400340650002700374700002400401700002700425850001200452504003600464264003800500336002100538337003000559338002300589990002000612INLIS00000000085544620200330102959 a0010-0320000773ta200330s2019 yoia g ind d a978-623-7061-13-7 aYOPDYOGbinderda04223a338.62 a338.62 DAV p aBTR 338.62 DAV p0 aDavid Prasetyoepenulis10aPeran BUMDES dalam membangun desa /cDavid Prasetyo; penyunting, Claudia, Alfarestya aCetakan pertama, 2019 a104 halaman :btabel ;c21 cm 4aBadan Usaha Milik Desa0 aClaudiaePenyunting0 aAlfarestyaepenyunting aYOPDYOG aBibliografi : halaman [103]-10431aPontianak :bDerwati Press,c2019 2rdacontentateks 2rdamediaatanpa perantara 2rdacarrieravolume a66477-PD/A.2020